[Event "Bad Woerishofen sen"]
[Site "?"]
[Date "2008.02.29"]
[Round "2"]
[White "Alefs, Heinz"]
[Black "Hein, Manfred"]
[Result "0-1"]
[WhiteElo "1895"]
[BlackElo "2137"]
[PlyCount "136"]
[EventDate "2008.??.??"]
 
1. d4 Nf6 2. Nf3 d5 3. e3 Bg4 4. c4 c6 5. Nbd2 e6 6. Qb3 Qb6 7. Ne5 Bf5 8. c5
Qxb3 9. axb3 Nbd7 10. Ndf3 a6 11. b4 Rc8 12. h3 h6 13. Be2 Be7 14. O-O Bd8 15.
Nxd7 Nxd7 16. Bd2 Bc7 17. Bc3 f6 18. Nh4 Bh7 19. Bh5+ Kd8 20. Bg6 Nf8 21. Bxh7
Rxh7 22. f4 g5 23. fxg5 hxg5 24. Rxf6 Ke7 25. Rxf8 Kxf8 26. Rf1+ Rf7 27. Nf3
Bd8 28. Re1 Bf6 29. e4 dxe4 30. Rxe4 Ke7 31. Bd2 Rg8 32. Nh2 Rd8 33. Be3 Rg7
34. Nf3 Rd5 35. b3 Kf7 36. Kf2 Rg8 37. Ke2 Ra8 38. Bd2 Re8 39. Bc3 Ra8 40. Bd2
Rad8 41. Be3 Re8 42. Bd2 Kg6 43. Bc3 Kf5 44. Rg4 Red8 45. Ke3 e5 46. dxe5 Rd3+
47. Kf2 Rxc3 48. exf6 Kxf6 49. Nxg5 Rxb3 50. Ne4+ Ke5 51. Nd6 Rf8+ 52. Kg1 b5
53. h4 Rf4 54. Rg5+ Kf6 55. g3 Rfxb4 56. Rf5+ Ke6 57. Kh2 Rg4 58. Rg5 Rbxg3 59.
Rxg4 Rxg4 60. Kh3 Rg1 61. h5 Rh1+ 62. Kg4 a5 63. Ne4 a4 64. Ng5+ Kf6 65. Ne4+
Kg7 66. Kg5 Rg1+ 67. Kf4 a3 68. Nc3 b4 0-1

[Event "Bad Woerishofen sen"]
[Site "?"]
[Date "2008.02.29"]
[Round "2"]
[White "Diete, Guenther"]
[Black "Budt, Karl-Heinz"]
[Result "0-1"]
[WhiteElo "1988"]
[BlackElo "2143"]
[PlyCount "66"]
[EventDate "2008.??.??"]
 
1. e4 e6 2. Nf3 c5 3. b3 Nc6 4. Bb2 d6 5. Be2 Nf6 6. d3 Be7 7. O-O O-O 8. Nbd2
e5 9. Re1 g6 10. Nf1 Nh5 11. Ne3 Nf4 12. Bf1 f5 13. g3 fxe4 14. dxe4 Nh3+ 15.
Bxh3 Bxh3 16. c3 Qd7 17. Rc1 Rf7 18. Rf1 Raf8 19. Qd5 Be6 20. Nxe5 Nxe5 21. Qd1
Nf3+ 22. Kh1 Nxh2 23. f4 Nxf1 24. Qxf1 Qc6 25. Qg2 Bf6 26. Rd1 Bg7 27. Nd5 Bxd5
28. Rxd5 Re7 29. e5 dxe5 30. c4 exf4 31. Bxg7 Kxg7 32. gxf4 Rxf4 33. Qg5 Qf6
0-1

[Event "Bad Woerishofen sen"]
[Site "?"]
[Date "2008.02.29"]
[Round "2"]
[White "Trefzer, Erhard"]
[Black "Wilfert, Eva-Maria"]
[Result "1-0"]
[WhiteElo "2088"]
[BlackElo "1820"]
[PlyCount "71"]
[EventDate "2008.??.??"]
 
1. e4 d6 2. d4 g6 3. Be3 Bg7 4. c3 Nf6 5. f3 O-O 6. Qd2 Re8 7. g4 e5 8. d5 c6
9. c4 cxd5 10. cxd5 a6 11. h4 Bxg4 12. fxg4 Nxg4 13. Be2 Nxe3 14. Qxe3 Nd7 15.
h5 Rc8 16. Nc3 b5 17. hxg6 fxg6 18. Bg4 Rc5 19. Be6+ Kh8 20. Nf3 Nf8 21. Ng5
Re7 22. Qh3 Bf6 23. Nf7+ Rxf7 24. Bxf7 Qe7 25. Be6 b4 26. Ne2 Rc2 27. Rc1 Qc7
28. Qe3 Rxc1+ 29. Nxc1 Qc2 30. O-O Bg7 31. Nd3 Qc4 32. Rc1 Qb5 33. Rc8 Qb7 34.
Qf3 Qe7 35. Qf7 Qg5+ 36. Kf1 1-0

[Event "Bad Woerishofen sen"]
[Site "?"]
[Date "2008.02.29"]
[Round "2"]
[White "Ljubarskij, Juri"]
[Black "Dallmeier, Gerhard"]
[Result "1-0"]
[WhiteElo "2317"]
[BlackElo "1818"]
[PlyCount "51"]
[EventDate "2008.??.??"]
 
1. e4 c5 2. Nc3 d6 3. f4 Nc6 4. Bb5 Bd7 5. Nf3 g6 6. d3 Bg7 7. O-O e6 8. Bxc6
Bxc6 9. Qe1 Ne7 10. Qh4 O-O 11. Bd2 Qd7 12. Rae1 Rae8 13. g4 f5 14. h3 Kh8 15.
Kh2 Ng8 16. Rg1 Nf6 17. gxf5 gxf5 18. Rg3 e5 19. Reg1 Re7 20. fxe5 dxe5 21.
Nxe5 Ng4+ 22. Nxg4 fxg4 23. Rxg4 Be5+ 24. Kh1 Bd4 25. Be3 Bxe3 26. Qf6+ 1-0

[Event "Bad Woerishofen sen"]
[Site "?"]
[Date "2008.02.29"]
[Round "2"]
[White "Wawrinsky, Ludwig"]
[Black "Goy, Udo"]
[Result "0-1"]
[WhiteElo "1894"]
[BlackElo "2282"]
[PlyCount "58"]
[EventDate "2008.??.??"]
 
1. e4 c6 2. d3 e5 3. f4 exf4 4. Bxf4 d5 5. Nd2 Bc5 6. Qe2 Ne7 7. Ngf3 O-O 8.
O-O-O Nd7 9. Nb3 Bb6 10. Bg5 f6 11. Bh4 Ng6 12. Bf2 Re8 13. g3 a5 14. h4 a4 15.
Bxb6 Qxb6 16. Na1 a3 17. b3 Nde5 18. d4 Nxf3 19. Qxf3 Rxe4 20. Qf2 Bg4 21. Rd3
Rae8 22. Kd2 Ne5 23. c3 Nxd3 24. Bxd3 Re3 25. Nc2 Rf3 26. Qg2 Qc7 27. Rg1 Qd7
28. Ne1 Rfe3 29. Nc2 Rxd3+ 0-1

[Event "Bad Woerishofen sen"]
[Site "?"]
[Date "2008.02.29"]
[Round "2"]
[White "Mittermaier, Walter"]
[Black "Oser, Thor"]
[Result "0-1"]
[WhiteElo "2164"]
[BlackElo "1869"]
[PlyCount "51"]
[EventDate "2008.??.??"]
 
1. d4 d5 2. c4 e6 3. Nc3 c6 4. g3 Bd6 5. Nf3 Nd7 6. Bg2 h6 7. O-O Ngf6 8. a3
O-O 9. c5 Bc7 10. Bf4 Re8 11. Ne5 g5 12. Nxd7 gxf4 13. Nxf6+ Qxf6 14. g4 e5 15.
e3 Qh4 16. h3 h5 17. exf4 exf4 18. f3 Bd7 19. Re1 Re3 20. Rxe3 fxe3 21. Ne2
hxg4 22. fxg4 f5 23. Qd3 Qg5 24. h4 Qxh4 25. gxf5 Qf2+ 26. Kh1 0-1

[Event "Bad Woerishofen sen"]
[Site "?"]
[Date "2008.02.29"]
[Round "2"]
[White "Gestrich, Wolfgang"]
[Black "Fleckner, Hans"]
[Result "0-1"]
[WhiteElo "1761"]
[BlackElo "1981"]
[PlyCount "98"]
[EventDate "2008.??.??"]
 
1. c4 Nf6 2. Nc3 e5 3. e4 Bc5 4. h3 d6 5. d3 h6 6. g3 O-O 7. Bg2 Nc6 8. Nge2
Be6 9. O-O a5 10. a3 Ne7 11. Kh2 Nh7 12. f4 f6 13. f5 Bf7 14. g4 Kh8 15. Qe1 c6
16. Qg3 d5 17. Na4 Ba7 18. Be3 Bxe3 19. Qxe3 dxc4 20. dxc4 Bxc4 21. Rfd1 Qe8
22. Rd2 Bxe2 23. Rxe2 Qd8 24. Rd2 Qc7 25. Nc5 Qb6 26. Qc3 Rfd8 27. Rad1 Rxd2
28. Rxd2 Nf8 29. Nd7 Qc7 30. Nxf8 Rxf8 31. Qd3 Rc8 32. Qd7 c5 33. Qe6 Rd8 34.
Rxd8+ Qxd8 35. Qb3 b6 36. Kg3 Nc6 37. Qd5 Qxd5 38. exd5 Nb8 39. Kf3 Kg8 40. Ke3
Kf8 41. Kd3 b5 42. b3 Ke7 43. Bf1 Kd6 44. Ke4 b4 45. a4 Nd7 46. Bb5 Nb6 47. Bc4
Nxc4 48. bxc4 b3 49. Kd3 e4+ 0-1

[Event "Bad Woerishofen sen"]
[Site "?"]
[Date "2008.02.29"]
[Round "2"]
[White "Wolf, Margot"]
[Black "Rueggeberg, Wilhelm"]
[Result "0-1"]
[WhiteElo "1575"]
[BlackElo "1974"]
[PlyCount "54"]
[EventDate "2008.??.??"]
 
1. d4 Nf6 2. Nf3 d5 3. Bf4 Nbd7 4. e3 e6 5. Bd3 c5 6. c3 Qb6 7. Qc1 Be7 8. Nbd2
O-O 9. O-O Re8 10. h3 Nf8 11. Rb1 Bd7 12. dxc5 Bxc5 13. e4 dxe4 14. Nxe4 Nxe4
15. Bxe4 Rac8 16. Qc2 f5 17. Bd3 Ng6 18. Be5 Bc6 19. Bg3 Bxf3 20. gxf3 Bd6 21.
Bxd6 Qxd6 22. Qd2 Rcd8 23. Rbd1 Ne5 24. Bb5 Nxf3+ 25. Kg2 Nxd2 26. Rxd2 Qxd2
27. Bxe8 Rxe8 0-1

[Event "Bad Woerishofen sen"]
[Site "?"]
[Date "2008.02.29"]
[Round "2"]
[White "Moeckel, Edgar Dr"]
[Black "Bartlitz, Heinz"]
[Result "1-0"]
[WhiteElo "2016"]
[BlackElo "1871"]
[PlyCount "56"]
[EventDate "2008.??.??"]
 
1. d4 f5 2. e4 fxe4 3. Nc3 Nf6 4. Bg5 e3 5. fxe3 g6 6. e4 d6 7. Nf3 Nbd7 8. Bc4
Bg7 9. Qe2 c6 10. O-O-O Qa5 11. Bd2 Qc7 12. Ng5 Nf8 13. h3 e6 14. g4 h6 15. Nf3
Bd7 16. e5 Nd5 17. exd6 Qxd6 18. Ne4 Qc7 19. Bxd5 cxd5 20. Nc5 O-O-O 21. Rhe1
Re8 22. Nd3 Bb5 23. Bc3 Nd7 24. Qg2 Bxd3 25. Rxd3 Rhf8 26. Kb1 g5 27. Bb4 Rf7
28. Rc3 Qxc3 1-0

[Event "Bad Woerishofen op"]
[Site "?"]
[Date "2008.03.01"]
[Round "3"]
[White "Espig, Lutz"]
[Black "Epishin, Vladimir"]
[Result "1/2-1/2"]
[WhiteElo "2326"]
[BlackElo "2577"]
[PlyCount "54"]
[EventDate "2008.??.??"]
 
1. Nf3 d6 2. d4 Nf6 3. c4 g6 4. g3 Bg7 5. Bg2 O-O 6. O-O c6 7. Nc3 Bf5 8. Nh4
Be6 9. d5 Bc8 10. Rb1 Qc7 11. Bd2 Nbd7 12. h3 a5 13. b3 Nc5 14. a3 cxd5 15.
cxd5 Bd7 16. Qc2 b5 17. Rfc1 a4 18. Nxa4 bxa4 19. b4 Qc8 20. bxc5 Bxh3 21. cxd6
Qxc2 22. Rxc2 Bxg2 23. Nxg2 exd6 24. Rb5 Rfb8 25. Rxb8+ Rxb8 26. Rc4 Nxd5 27.
Rxa4 Nc3 1/2-1/2

[Event "Bad Woerishofen op"]
[Site "?"]
[Date "2008.03.01"]
[Round "3"]
[White "Drozdovsky, Yuriy"]
[Black "Salvermoser, Bernd"]
[Result "1-0"]
[WhiteElo "2574"]
[BlackElo "2296"]
[PlyCount "49"]
[EventDate "2008.??.??"]
 
1. d4 Nf6 2. c4 c5 3. d5 b5 4. cxb5 a6 5. e3 axb5 6. Bxb5 Qa5+ 7. Nc3 Bb7 8.
Bd2 Qb6 9. Nf3 Nxd5 10. Nxd5 Bxd5 11. a4 f6 12. Bc3 Bf7 13. O-O Nc6 14. Nd2 g6
15. Nc4 Qc7 16. a5 Rd8 17. Qa4 Na7 18. a6 Qb8 19. Na3 Be6 20. Rfd1 Bg7 21. Ba5
Nxb5 22. Bxd8 Nxa3 23. a7 Qa8 24. Rxa3 Kxd8 25. Rb3 1-0

[Event "Bad Woerishofen op"]
[Site "?"]
[Date "2008.03.01"]
[Round "3"]
[White "De, Francesco Klaus"]
[Black "Rozentalis, Eduardas"]
[Result "1/2-1/2"]
[WhiteElo "2300"]
[BlackElo "2567"]
[PlyCount "64"]
[EventDate "2008.??.??"]
 
1. d4 Nf6 2. c4 e6 3. Nf3 Nc6 4. a3 d6 5. Nc3 g6 6. Bg5 h6 7. Bh4 Bg7 8. e3 g5
9. Bg3 Nh5 10. Nd2 Nxg3 11. hxg3 Bd7 12. Be2 Qe7 13. Qc2 O-O-O 14. O-O-O f5 15.
Nb3 Qf6 16. Kb1 Kb8 17. Ka1 f4 18. gxf4 gxf4 19. e4 e5 20. d5 Nd4 21. Nxd4 exd4
22. Nb5 Bxb5 23. cxb5 Qg5 24. Bf3 h5 25. Rc1 Rd7 26. Qd3 h4 27. Rh3 Re7 28. a4
Rhe8 29. a5 Re5 30. a6 Qe7 31. Rc2 Bf6 32. Ka2 Qh7 1/2-1/2

[Event "Bad Woerishofen op"]
[Site "?"]
[Date "2008.03.01"]
[Round "3"]
[White "Kunin, Vitaly"]
[Black "Loew, Gerald"]
[Result "1-0"]
[WhiteElo "2538"]
[BlackElo "2287"]
[PlyCount "127"]
[EventDate "2008.??.??"]
 
1. d4 d5 2. Nf3 Nc6 3. Bf4 Bg4 4. e3 e6 5. Bb5 Nge7 6. h3 Bxf3 7. Qxf3 a6 8.
Ba4 b5 9. Bb3 Ng6 10. Bg3 Bd6 11. O-O O-O 12. c3 Nh4 13. Qg4 Bxg3 14. Qxg3 Nf5
15. Qg4 Qh4 16. Bxd5 Qxg4 17. hxg4 exd5 18. gxf5 Rfe8 19. Nd2 Na5 20. Rab1 Rab8
21. Kh2 Rb6 22. g4 Nc4 23. Nf3 Rf6 24. b3 Na3 25. Rbc1 h5 26. gxh5 Rxf5 27. Kg3
Rxh5 28. Rh1 Rxh1 29. Rxh1 g6 30. Ne5 Kg7 31. Kf3 Re6 32. Ke2 a5 33. Nd3 Rb6
34. Rc1 Rc6 35. Nf4 Rd6 36. Kd2 Rd8 37. Rg1 Rd6 38. Kc1 b4 39. Kb2 Nb5 40. cxb4
axb4 41. Nd3 Rf6 42. Rf1 c6 43. Nxb4 g5 44. Nd3 Kg6 45. Rc1 Kf5 46. Kc2 Ke6 47.
a4 Na7 48. Rh1 Rg6 49. Rh8 Rg7 50. Nc5+ Kf5 51. Kd3 f6 52. a5 Rc7 53. Rb8 Kg4
54. Rf8 Kf5 55. e4+ Kg6 56. a6 Rh7 57. Rg8+ Kf7 58. Rb8 Kg6 59. exd5 cxd5 60.
Rb7 Rh3+ 61. Kd2 Nc6 62. a7 Rh8 63. Rc7 Nxd4 64. Nd7 1-0

[Event "Bad Woerishofen op"]
[Site "?"]
[Date "2008.03.01"]
[Round "3"]
[White "Schulz, Michael"]
[Black "Iotov, Valentin"]
[Result "0-1"]
[WhiteElo "2226"]
[BlackElo "2495"]
[PlyCount "58"]
[EventDate "2008.??.??"]
 
1. c4 c5 2. Nc3 Nc6 3. Nf3 g6 4. e3 Bg7 5. d4 d6 6. Be2 cxd4 7. exd4 Bg4 8. Be3
Nh6 9. d5 Bxf3 10. Bxf3 Ne5 11. Be2 Nf5 12. Qa4+ Qd7 13. Qxd7+ Nxd7 14. Bd2 Nd4
15. Rc1 O-O 16. b3 a5 17. Na4 Rfe8 18. Bd3 e6 19. O-O Ne5 20. Rc3 exd5 21. cxd5
b5 22. Nb6 Rab8 23. Be3 b4 24. Bxd4 bxc3 25. Bb5 Re7 26. a4 Nf3+ 27. gxf3 Bxd4
28. Nc4 Re2 29. Ne3 Rxe3 0-1

[Event "Bad Woerishofen op"]
[Site "?"]
[Date "2008.03.01"]
[Round "3"]
[White "Kugelmann, Werner"]
[Black "Karpatchev, Alexander"]
[Result "1-0"]
[WhiteElo "2213"]
[BlackElo "2484"]
[PlyCount "49"]
[EventDate "2008.??.??"]
 
1. e4 e5 2. Nf3 Nc6 3. Bb5 a6 4. Ba4 Nf6 5. O-O b5 6. Bb3 Bc5 7. c3 Bb6 8. d4
d6 9. h3 O-O 10. Re1 h6 11. Be3 Bb7 12. dxe5 dxe5 13. Nbd2 Bxe3 14. Rxe3 Qd6
15. Qe2 Na5 16. Rd1 Qe7 17. Nh4 Nxb3 18. Nxb3 Rfd8 19. Nf5 Qf8 20. Rxd8 Rxd8
21. Qf3 Nxe4 22. Rxe4 g6 23. Nxh6+ Kg7 24. Nf5+ gxf5 25. Qg3+ 1-0

[Event "Bad Woerishofen op"]
[Site "?"]
[Date "2008.03.01"]
[Round "3"]
[White "Heppell, Ian"]
[Black "Bronznik, Valeri"]
[Result "0-1"]
[WhiteElo "2155"]
[BlackElo "2377"]
[PlyCount "96"]
[EventDate "2008.??.??"]
 
1. e4 c5 2. Nf3 Nc6 3. c3 Nf6 4. e5 Nd5 5. d4 cxd4 6. Bc4 e6 7. cxd4 d6 8. O-O
Be7 9. Qe2 O-O 10. Bd2 Ndb4 11. Bxb4 Nxb4 12. Nc3 d5 13. Bb3 Bd7 14. a3 Nc6 15.
Bc2 Na5 16. Nd2 Rc8 17. Rac1 Qb6 18. Qd3 g6 19. b4 Nc4 20. Na4 Bxa4 21. Bxa4
Nb2 22. Qb3 Rxc1 23. Rxc1 Nxa4 24. Qxa4 Qxd4 25. Nf3 Qf4 26. Re1 Bc5 27. Qd7
Bb6 28. Qxb7 Qc4 29. Qe7 Qa2 30. Qh4 Qxa3 31. Ng5 h5 32. Qf4 Qc3 33. Nf3 Qb2
34. Rf1 Bd8 35. Qd2 Qxd2 36. Nxd2 Be7 37. Rb1 Rc8 38. Kf1 Bd8 39. Ke2 Bb6 40.
f4 Rc3 41. Rb3 Rc2 42. Kd3 Ra2 43. Rb1 Kg7 44. h3 Ra3+ 45. Rb3 Rxb3+ 46. Nxb3
g5 47. fxg5 Kg6 48. Nc5 Kxg5 0-1

[Event "Bad Woerishofen op"]
[Site "?"]
[Date "2008.03.01"]
[Round "3"]
[White "Vrana, Frantisek"]
[Black "Stuemer, Paul"]
[Result "1-0"]
[WhiteElo "2313"]
[BlackElo "2160"]
[PlyCount "71"]
[EventDate "2008.??.??"]
 
1. d4 Nf6 2. g3 g6 3. Bg2 Bg7 4. e4 O-O 5. Nc3 d6 6. Nge2 Nbd7 7. O-O c5 8. h3
cxd4 9. Nxd4 Nc5 10. Re1 Rb8 11. a4 Bd7 12. Nd5 Re8 13. b3 Qc8 14. Kh2 Ncxe4
15. Bxe4 Nxd5 16. Bxd5 Qc5 17. Nb5 Qxf2+ 18. Bg2 Bxa1 19. Be3 Qf5 20. Qxa1 Qxc2
21. Bh6 f6 22. Nd4 Qc5 23. b4 Qh5 24. Bd2 Rbc8 25. Re4 g5 26. Qf1 Qg6 27. Re2
Qd3 28. Qf2 Bc6 29. Nxc6 bxc6 30. Be4 Qc4 31. Bf5 e6 32. Bg4 f5 33. Bh5 f4 34.
gxf4 Rf8 35. Qg2 h6 36. fxg5 1-0

[Event "Bad Woerishofen op"]
[Site "?"]
[Date "2008.03.01"]
[Round "3"]
[White "Lupor, Andre"]
[Black "Gurack, Daniel"]
[Result "1-0"]
[WhiteElo "2308"]
[BlackElo "2152"]
[PlyCount "91"]
[EventDate "2008.??.??"]
 
1. d4 e6 2. c4 Nf6 3. Nc3 Bb4 4. Qc2 b6 5. a3 Bxc3+ 6. Qxc3 Ne4 7. Qc2 Bb7 8.
e3 f5 9. Bd3 O-O 10. Nh3 Qh4 11. O-O Nc6 12. f3 Nd6 13. b4 a6 14. Bb2 Rae8 15.
b5 Ne7 16. a4 Nf7 17. bxa6 Bxa6 18. a5 bxa5 19. Rxa5 Bc8 20. Ra7 Nc6 21. Ra4
Qh6 22. Qd2 Ng5 23. Nxg5 Qxg5 24. f4 Qg6 25. Be2 Bb7 26. Bf3 Ra8 27. Raa1 Rxa1
28. Rxa1 Nd8 29. d5 d6 30. Ra7 Re8 31. Qb4 exd5 32. Rxb7 Nxb7 33. Bxd5+ Kh8 34.
Qxb7 Qh5 35. Bf3 Qf7 36. Qb3 c5 37. Qc3 Qe7 38. Bc1 h6 39. h3 Kh7 40. Kh2 Rf8
41. Bb2 Re8 42. e4 fxe4 43. Bxe4+ Kg8 44. Qg3 g5 45. Bd5+ Kf8 46. Qc3 1-0

[Event "Bad Woerishofen op"]
[Site "?"]
[Date "2008.03.01"]
[Round "3"]
[White "Bartels, Holger"]
[Black "Wacker, Peter"]
[Result "1-0"]
[WhiteElo "2133"]
[BlackElo "2269"]
[PlyCount "45"]
[EventDate "2008.??.??"]
 
1. e4 c5 2. Nf3 Nc6 3. d4 cxd4 4. Nxd4 Qb6 5. Nb3 Nf6 6. Nc3 e6 7. Be3 Qc7 8.
Bd3 d6 9. O-O a6 10. f4 Be7 11. Qf3 b5 12. e5 Nd7 13. exd6 Bxd6 14. Bxb5 Bb7
15. Rad1 Bb4 16. Bd3 Bxc3 17. bxc3 Nce5 18. Qe2 Nxd3 19. Qxd3 Bd5 20. Rfe1 Bc4
21. Qd4 Nf6 22. Nc5 Bxa2 23. Qa4+ 1-0

[Event "Bad Woerishofen op"]
[Site "?"]
[Date "2008.03.01"]
[Round "3"]
[White "Trabert, Bettina"]
[Black "Riedel, Lutz"]
[Result "1-0"]
[WhiteElo "2258"]
[BlackElo "2143"]
[PlyCount "73"]
[EventDate "2008.??.??"]
 
1. e4 c5 2. Nf3 Nc6 3. d4 cxd4 4. Nxd4 g6 5. Nb3 Bg7 6. Be2 d6 7. O-O Nf6 8.
Nc3 O-O 9. Re1 a6 10. Bf1 b5 11. Nd5 e6 12. Nxf6+ Bxf6 13. c3 Qc7 14. Bh6 Rd8
15. f4 Qb6+ 16. Kh1 b4 17. Qf3 Bb7 18. Rab1 Rac8 19. Qg3 Rd7 20. cxb4 Nxb4 21.
e5 Be7 22. Nd2 Qd8 23. Nf3 Bxf3 24. Qxf3 Qb6 25. a3 Nd5 26. f5 dxe5 27. Rxe5
Bf6 28. fxe6 fxe6 29. Ree1 e5 30. Bd3 Rd6 31. Be4 Ne7 32. Qg4 Rd4 33. Be3 Nf5
34. Bxd4 Qxd4 35. Bxf5 Rd8 36. Qxd4 Rxd4 37. Be6+ 1-0

[Event "Bad Woerishofen op"]
[Site "?"]
[Date "2008.03.01"]
[Round "3"]
[White "Unger, Michael"]
[Black "Galje, Hans"]
[Result "1-0"]
[WhiteElo "2196"]
[BlackElo "2118"]
[PlyCount "71"]
[EventDate "2008.??.??"]
 
1. d4 Nf6 2. Nf3 e6 3. e3 d5 4. Bd3 c5 5. b3 Nc6 6. O-O Bd6 7. Bb2 O-O 8. a3
Qc7 9. Nbd2 e5 10. dxc5 Bxc5 11. e4 d4 12. Rc1 a5 13. c3 dxc3 14. Rxc3 Qe7 15.
Qc1 Ba7 16. Nc4 Bg4 17. Ne1 Nd4 18. Ne3 Ne2+ 19. Bxe2 Bxe2 20. Nf5 Qe6 21. Rg3
g6 22. Qh6 Nh5 23. Nf3 Bxf3 24. Rxf3 gxf5 25. Qxh5 Bd4 26. exf5 Qf6 27. Rh3 h6
28. Bc1 Ra6 29. Bxh6 Qxh6 30. Qxh6 Rxh6 31. Rxh6 Rc8 32. Rh3 Kg7 33. g4 Kf6 34.
Kg2 Rc2 35. Rd3 Kg5 36. Kg3 1-0

[Event "Bad Woerishofen op"]
[Site "?"]
[Date "2008.03.01"]
[Round "3"]
[White "Trebbin, Wolfhard Dr"]
[Black "Kesik, Klaus-Dieter"]
[Result "0-1"]
[WhiteElo "2066"]
[BlackElo "2303"]
[PlyCount "84"]
[EventDate "2008.??.??"]
 
1. d4 Nf6 2. Nf3 g6 3. g3 Bg7 4. Bg2 O-O 5. O-O d6 6. c4 Nc6 7. Nc3 a6 8. h3
Rb8 9. a4 Nd7 10. a5 e5 11. e3 h6 12. d5 Ne7 13. b4 f5 14. Bb2 e4 15. Nd4 Ne5
16. Qe2 Nd3 17. Ba3 c5 18. dxc6 bxc6 19. Qd2 c5 20. bxc5 dxc5 21. Nde2 Qxa5 22.
Ra2 Nc6 23. Nd5 Qxd2 24. Rxd2 Rb3 25. Ra2 Ncb4 26. Bxb4 Nxb4 27. Ra5 Nxd5 28.
cxd5 Rb5 29. Ra4 Rd8 30. Rd1 Rb2 31. Bf1 Bd7 32. Ra5 Bb5 33. Nf4 Rd6 34. Rc1 g5
35. Bxb5 Rxb5 36. Rxb5 axb5 37. Ne6 c4 38. Nc7 b4 39. Rxc4 b3 40. Rb4 b2 41.
Kg2 Rd7 42. Ne6 Bc3 0-1

[Event "Bad Woerishofen op"]
[Site "?"]
[Date "2008.03.01"]
[Round "3"]
[White "Schaefer, Michael"]
[Black "von Saldern, Ruediger"]
[Result "1-0"]
[WhiteElo "2219"]
[BlackElo "2056"]
[PlyCount "77"]
[EventDate "2008.??.??"]
 
1. d4 d5 2. c4 e6 3. Nf3 Nf6 4. g3 Nbd7 5. Bg2 c6 6. Qc2 Bd6 7. O-O O-O 8. Nbd2
Re8 9. Rd1 Qe7 10. b3 e5 11. cxd5 Nxd5 12. e4 Nb4 13. Qb1 exd4 14. a3 Na6 15.
Nxd4 Ne5 16. Bb2 Nc5 17. Nf1 Bg4 18. f3 Bc8 19. Qc2 Bc7 20. b4 Na6 21. h3 f6
22. Ne3 Bb6 23. Kh2 Bxd4 24. Bxd4 Be6 25. f4 Nd7 26. Rab1 c5 27. Ba1 cxb4 28.
axb4 Rac8 29. Qa4 Nb6 30. Qa5 Red8 31. b5 Rxd1 32. Rxd1 Qb4 33. Qxb4 Nxb4 34.
e5 Nc2 35. Nxc2 Rxc2 36. Kg1 Nc4 37. Be4 Ra2 38. f5 Bd7 39. Bd5+ 1-0

[Event "Bad Woerishofen op"]
[Site "?"]
[Date "2008.03.01"]
[Round "3"]
[White "Tennstedt, Andreas"]
[Black "Schmidt, Wolfgang"]
[Result "1/2-1/2"]
[WhiteElo "2208"]
[BlackElo "2051"]
[PlyCount "26"]
[EventDate "2008.??.??"]
 
1. c4 Nf6 2. Nc3 g6 3. g3 Bg7 4. Bg2 O-O 5. e3 d6 6. Nge2 Nc6 7. d3 e5 8. Rb1
a5 9. O-O Be6 10. Nd5 Qd7 11. Nec3 Bh3 12. Nxf6+ Bxf6 13. Nd5 Bd8 1/2-1/2

[Event "Bad Woerishofen op"]
[Site "?"]
[Date "2008.03.01"]
[Round "3"]
[White "Reinke, Kurt"]
[Black "Einwiller, Dieter"]
[Result "0-1"]
[WhiteElo "1989"]
[BlackElo "2169"]
[PlyCount "60"]
[EventDate "2008.??.??"]
 
1. d4 d5 2. c4 c6 3. Nf3 Nf6 4. Nc3 e6 5. Bg5 Nbd7 6. e3 Qa5 7. Nd2 Bb4 8. Qc2
dxc4 9. Bxf6 Nxf6 10. Nxc4 Qg5 11. Ne5 Nd7 12. h4 Qe7 13. Nd3 Ba5 14. a3 e5 15.
O-O-O O-O 16. b4 Bc7 17. Nc5 a5 18. Kb2 axb4 19. axb4 b6 20. Nxd7 Qxb4+ 21. Qb3
Qxb3+ 22. Kxb3 Bxd7 23. d5 cxd5 24. Nxd5 Ba4+ 25. Kb2 Bxd1 26. Nxc7 Rad8 27.
Ba6 Rd2+ 28. Kc1 Rfd8 29. Nb5 Rc2+ 30. Kb1 Rxf2 0-1

[Event "Bad Woerishofen op"]
[Site "?"]
[Date "2008.03.01"]
[Round "3"]
[White "Kunz, Konstantin"]
[Black "Willin, Bernhard"]
[Result "1-0"]
[WhiteElo "2161"]
[BlackElo "2010"]
[PlyCount "39"]
[EventDate "2008.??.??"]
 
1. d4 Nf6 2. Nf3 e6 3. c4 b6 4. g3 Bb7 5. Bg2 c5 6. O-O d5 7. cxd5 Bxd5 8. Nc3
Bc6 9. e4 cxd4 10. Nxd4 Bb7 11. Bg5 Be7 12. e5 Bxg2 13. Bxf6 gxf6 14. Kxg2 Bc5
15. Qf3 Nd7 16. Nc6 Qc8 17. Nb5 a6 18. Nca7 Qb8 19. Nc7+ Qxc7 20. Qxa8+ 1-0

[Event "Bad Woerishofen op"]
[Site "?"]
[Date "2008.03.01"]
[Round "3"]
[White "Klett, Thomas"]
[Black "Bauder, Herbert"]
[Result "1/2-1/2"]
[WhiteElo "1952"]
[BlackElo "2097"]
[PlyCount "37"]
[EventDate "2008.??.??"]
 
1. c4 c5 2. Nf3 Nc6 3. Nc3 g6 4. g3 Bg7 5. Bg2 e5 6. d3 Nge7 7. O-O O-O 8. a3
d6 9. Rb1 Rb8 10. Ne1 Be6 11. b4 b6 12. Bg5 f6 13. Bd2 Qd7 14. b5 Nd8 15. Nc2
Bh3 16. Ne3 Bxg2 17. Kxg2 Ne6 18. Ned5 Nxd5 19. Nxd5 1/2-1/2

[Event "Bad Woerishofen op"]
[Site "?"]
[Date "2008.03.01"]
[Round "3"]
[White "Joachim, Klaus"]
[Black "Schafroth, Georg"]
[Result "1-0"]
[WhiteElo "1868"]
[BlackElo "1571"]
[PlyCount "37"]
[EventDate "2008.??.??"]
 
1. e4 e5 2. Nf3 d6 3. d4 f6 4. dxe5 Bg4 5. exd6 Bxf3 6. Qxf3 Bxd6 7. Bc4 Ne7 8.
Qb3 b6 9. Bf7+ Kf8 10. Bh5 g6 11. Bh6+ Ke8 12. Bf3 Nbc6 13. Qa4 a6 14. c4 Kf7
15. Nc3 g5 16. Bh5+ Kg8 17. c5 Bxc5 18. Qc4+ Nd5 19. Nxd5 1-0

[Event "Bad Woerishofen op"]
[Site "?"]
[Date "2008.03.01"]
[Round "3"]
[White "Mueller, Wolfgang"]
[Black "Bangert, Ruediger"]
[Result "1-0"]
[WhiteElo "1922"]
[BlackElo "1704"]
[PlyCount "41"]
[EventDate "2008.??.??"]
 
1. e4 d6 2. d4 Nf6 3. Nc3 g6 4. Be2 Bg7 5. f4 O-O 6. Be3 c6 7. h3 Re8 8. Qd2 e6
9. g4 Kh8 10. g5 Ng8 11. Nf3 Nd7 12. h4 h5 13. gxh6 Bxh6 14. h5 Nf8 15. hxg6
fxg6 16. f5 Kg7 17. Bxh6+ Nxh6 18. Qxh6+ Kf7 19. Ng5+ Kf6 20. Qh8+ Kxg5 21.
Qh4# 1-0

[Event "Bad Woerishofen sen"]
[Site "?"]
[Date "2008.03.01"]
[Round "3"]
[White "Weigel, Herbert"]
[Black "Ziltener, Werner"]
[Result "1-0"]
[WhiteElo "2135"]
[BlackElo "2115"]
[PlyCount "121"]
[EventDate "2008.??.??"]
 
1. e4 e5 2. Nf3 Nc6 3. Bb5 a6 4. Ba4 Nf6 5. d4 b5 6. Bb3 exd4 7. O-O Be7 8. e5
Ne4 9. Bd5 Nc5 10. Nxd4 Bb7 11. Nf5 O-O 12. Re1 Ne6 13. Nc3 Rb8 14. Qg4 g6 15.
Bh6 Re8 16. Rad1 Kh8 17. Bxe6 fxe6 18. Ng7 Bf8 19. Nxe8 Bxh6 20. Nf6 Nxe5 21.
Qh4 Ng4 22. Rxe6 Nxf6 23. Qxf6+ Qxf6 24. Rxf6 Kg7 25. Rf3 Bxf3 26. Rxd7+ Kg8
27. gxf3 Bf4 28. Nd5 Be5 29. c3 c5 30. Ne7+ Kh8 31. Nc6 Re8 32. Rd5 Bf6 33. Kf1
c4 34. Rd6 Bg5 35. Nd4 Bd2 36. Ne2 Bg5 37. Rxa6 Rd8 38. Nd4 Bc1 39. b3 cxb3 40.
axb3 Bb2 41. Nxb5 Rb8 42. c4 Be5 43. h3 Rd8 44. Re6 Bf4 45. Re4 g5 46. Rd4 Ra8
47. Rd7 Ra1+ 48. Kg2 Rb1 49. Rd3 Kg7 50. c5 Be5 51. Nd6 Kf6 52. Nc4 Bf4 53. c6
Ke6 54. Rc3 Bc7 55. Re3+ Kf6 56. Rd3 Ke6 57. Rd7 Bf4 58. Rxh7 Rxb3 59. c7 Bxc7
60. Rxc7 Rc3 61. Rc8 1-0

[Event "Bad Woerishofen sen"]
[Site "?"]
[Date "2008.03.01"]
[Round "3"]
[White "Straub, Peter"]
[Black "Trefzer, Erhard"]
[Result "1-0"]
[WhiteElo "2137"]
[BlackElo "2088"]
[PlyCount "79"]
[EventDate "2008.??.??"]
 
1. e4 c5 2. Nf3 a6 3. c4 e6 4. Nc3 Qc7 5. d4 cxd4 6. Nxd4 Nf6 7. a3 Nxe4 8.
Nxe6 dxe6 9. Nxe4 Qe5 10. Bd3 Bd7 11. f4 Qc7 12. O-O Bc5+ 13. Kh1 Bd4 14. Qh5
Nc6 15. Rb1 Ne7 16. Bd2 Nf5 17. Ng5 g6 18. Qh3 h6 19. Nf3 Bf6 20. Ne5 Bxe5 21.
fxe5 Bc6 22. b4 Rd8 23. b5 axb5 24. cxb5 Bd5 25. Rbc1 Qb6 26. Bg5 Ra8 27. Rfe1
Kd7 28. Bf6 Rhg8 29. Be4 Ra4 30. Bxd5 exd5 31. Qb3 Rd4 32. g4 Rd2 33. gxf5 gxf5
34. Qe3 Qxe3 35. Rxe3 Rgg2 36. Rh3 Rgf2 37. b6 d4 38. Rxh6 f4 39. Bg5 f6 40.
exf6 1-0